Statistics for Countries with the most airports

Click here to take the quiz!

General Stats

  • This quiz has been taken 260 times
  • The average score is 19 of 20

Answer Stats

ContinentHintCountry% Correct
S. America4,093Brazil
100%
N. America1,467Canada
100%
N. America13,513United States
100%
N. America1,714Mexico
99%
S. America1,138Argentina
97%
Europe539Germany
97%
Europe1,218Russia
97%
Europe460United Kingdom
97%
Oceania480Australia
96%
S. America481Chile
96%
Asia507China
96%
Europe464France
96%
S. America836Colombia
92%
Africa566South Africa
92%
S. America855Bolivia
89%
S. America799Paraguay
89%
S. America444Venezuela
89%
Asia673Indonesia
86%
S. America432Ecuador
83%
Oceania561Papua New Guinea
68%

Score Distribution

Percentile by Number Answered

Percent of People with Each Score

Your Score History

You have not taken this quiz